000 01002nam a22002897a 4500
999 _c1980
_d1980
003 AR-CdUCM
008 190228b ||||| |||| 00| 0 spa d
020 _a9789972511851
020 _a18173187
040 _aMUNICIPALIDAD PROVINCIAL DEL CUSCO
_cBIBLIOTECA MUNICIPAL DEL CUSCO
082 _a985.5 /
_bZ37
100 _aZapata Velasco, Antonio
_97218
245 _aHistoria y Cultura de Ayacucho /
_cZapata Velasco, Antonio
260 _aLima :
_bInstituto de estudios peruanos,
_c2008.
300 _a292 paginas ;
_bIlustraciones,
_c23cm.
440 _aMiscelánea
_n11
_97219
505 _aEl territorio -- El periodo prehispanico -- La era colonial-- El siglo XIX -- El siglo XX ...
650 _aViolencia Politica
_97220
650 _aAyacucho
_93896
650 _aPeru
_9429
650 _aCultura
_9126
700 _aZapata Velasco, Antonio
_97218
700 _aRojas Rojas, Rolando
_97221
700 _aPereyra Chávez, Nelson
_97222
942 _2ddc
_cLIBROS
945 _apjha
_d2019-02-28